|
|
|
|
| LEADER |
00000nam0a2200000 4500 |
| 001 |
98782 |
| 005 |
20231031111427.0 |
| 010 |
|
|
|a 5699130322
|
| 035 |
|
|
|a (RuTPU)RU\TPU\book\105912
|
| 090 |
|
|
|a 98782
|
| 100 |
|
|
|a 20060622d2005 m y0rusy50 ca
|
| 101 |
0 |
|
|a rus
|
| 102 |
|
|
|a RU
|
| 105 |
|
|
|a a z 000zb
|
| 200 |
1 |
|
|a Владимир Путин. Народное волнение
|f А. И. Колесников
|
| 210 |
|
|
|a Москва
|c Эксмо
|d 2005
|
| 215 |
|
|
|a 320 с.
|c ил.
|
| 225 |
1 |
|
|a Кремлевские хроники
|
| 330 |
|
|
|a В череду кремлевских хроник читатель втягивается благодаря тонкой наблюдательности, острому и ироничному взгляду кремлевского репортера. И главное — его достойной и профессионально грамотной позиции. Герой автора — первое лицо страны — игрок непростой. Неординарны и сложны ситуации, в которых Владимиру Путину приходится решать вопросы, актуальные для страны и мирового сообщества. Почему А. Колесников считает, что россияне волнуются, как только им посчастливится получить доступ к своему избраннику? Поверим репортеру «кремлевского пула» — ведь он сопровождает своего высокопоставленного героя не только во время ответственных раутов и важных миссий. Журналист не раз наблюдал (тоже не без соответствующих эмоций) пенсионеров и ветеранов, студентов и спортсменов, шахтеров, археологов и медработников (всех и не перечесть), когда те с глазу на глаз могли общаться с Владимиром Владимировичем. Народ даже готов был разорвать президента, как это чуть не приключилось в Видяеве, но после приезда президента и двухчасовой беседы — передумал.
|
| 600 |
|
1 |
|a Путин
|g Владимир Владимирович
|b В. В.
|c российский государственный деятель
|c президент РФ
|f 1952-
|2 stltpush
|3 (RuTPU)RU\TPU\pers\988
|
| 606 |
1 |
|
|a Государственные и политические деятели Российской Федерации
|x Внутренняя политика
|x Персоналии
|2 stltpush
|3 (RuTPU)RU\TPU\subj\68275
|
| 610 |
1 |
|
|a политика
|
| 610 |
1 |
|
|a внутренняя политика
|
| 610 |
1 |
|
|a политическая история
|
| 610 |
1 |
|
|a политические деятели
|
| 610 |
1 |
|
|a государственные деятели
|
| 610 |
1 |
|
|a Россия
|
| 610 |
1 |
|
|a 21 век
|
| 686 |
|
|
|a Ф3(2)8
|v LBC/SL-A
|2 rubbk
|
| 700 |
|
1 |
|a Колесников
|b А. И.
|g Андрей Иванович
|
| 801 |
|
1 |
|a RU
|b 63413507
|c 20060622
|g PSBO
|
| 801 |
|
2 |
|a RU
|b 63413507
|c 20140203
|g PSBO
|
| 942 |
|
|
|c BK
|
| 959 |
|
|
|a 57/20060619
|d 1
|e 52,58
|f ЧЗГЛ:1
|